| 000 | 00515cam a2200169 a 4500 | ||
|---|---|---|---|
| 999 |
_c4622 _d4622 |
||
| 008 | 070522r20071994enka j 000 0 eng | ||
| 020 | _a9781407103433 (pbk.) | ||
| 020 | _a1407103431 (pbk.) | ||
| 082 | _a940.53 DEA | ||
| 100 | 1 | _aDeary, Terry. | |
| 245 | 1 | 0 |
_aBlitzed Brits / _cTerry Deary ; illustrated by Martin Brown & Kate Sheppard. |
| 250 | _aNew ed. | ||
| 260 |
_aLondon : _bScholastic, _c2007. |
||
| 300 |
_a140 p. : _bill. ; _c20 cm. |
||
| 500 | _aOriginally published: London: Hippo, 1994. | ||
| 942 | _2ddc | ||